000 00357nam a22001457a 4500
008 230411b |||||||| |||| 00| 0 eng d
020 _a978-0-00-823799-8
082 _a813.54
100 _aImbolo Mbue
245 _aBehold the dreamers
260 _bFourth Estate,
_c2017
300 _a382 p.
_c20 cm
942 _2ddc
999 _c9546
_d9547